[Event "7th Malaysia Open"]
[Site "Kuala Lumpur MAS"]
[Date "2010.09.02"]
[Round "3"]
[White "Spiller,P"]
[Black "Sutarno"]
[Result "0-1"]
[WhiteElo "1986"]
[BlackElo "2231"]

1.e4 d6 2.d4 Nf6 3.Nc3 Nbd7 4.Nf3 e5 5.dxe5 dxe5 6.Bc4 Be7 7.Qe2 O-O 8.Bg5 c6
9.O-O-O b5 10.Bxf7+ Rxf7 11.Nxe5 Qc7 12.Nxf7 Kxf7 13.Rhe1 Ne5 14.Bxf6 Bxf6
15.Qh5+ Ng6 16.Nd5 Qe5 17.Nxf6 Qxf6 18.Kb1 Qe5 19.Qxe5 Nxe5 20.f4 Ng6 21.Rd6 Nxf4
22.Rxc6 Ne6 23.Rd6 Ke7 24.Red1 Rb8 25.R6d5 Rb7 26.c3 Bd7 27.Rd6 Nc5 28.R6d5 Rc7
29.Re5+ Be6 30.Rd4 g6 31.Rg5 Kf6 32.Rg3 Ke5 33.Rf3 Nxe4 34.Rf8 Nd6 35.Rd8 Bd5
36.a4 bxa4 37.Rxa4 Nc4 38.Re8+ Kd6 39.Rd8+ Kc6 40.Rf8 a5 41.Rf4 Kb5 42.Ra1 Re7
43.Kc2 Re2+ 44.Kd1 Rxg2  0-1

[Event "5th XtraCon Open"]
[Site "Borup DEN"]
[Date "2010.09.03"]
[Round "1"]
[White "Wiecker,S"]
[Black "Preuss,F"]
[Result "1-0"]
[WhiteElo "2157"]
[BlackElo "2034"]

1.e4 d6 2.d4 Nf6 3.Nc3 e5 4.Nf3 Nbd7 5.Bc4 Be7 6.dxe5 dxe5 7.Ng5 O-O 8.Bxf7+ Rxf7
9.Ne6 Qe8 10.Nxc7 Qd8 11.Nxa8 Bb4 12.O-O Bxc3 13.bxc3 b6 14.Nxb6 Qxb6 15.Be3 Qc7
16.f3 Ba6 17.Rf2 Nb6 18.Rd2 Rd7 19.Bf2 Bc4 20.a4 Be6 21.a5 Nc4 22.Rxd7 Nxd7
23.Qb1 a6 24.Qb4 Kf7 25.Rd1 h6 26.h3 Ke8 27.Kh2 Qxa5 28.Qb7 Qb5 29.Qc7 a5
30.Qc8+ Kf7 31.Qc7 a4 32.Bc5 a3 33.Bb4 Kg6 34.Qa7 Qc6 35.Bxa3 Nxa3 36.Qxa3 Kf7
37.Rd6 Qc7 38.Ra6 Qc5 39.Qb4 Qc7 40.Ra8 Qc6 41.Qa5 Qb6 42.Qa4 Qe3 43.Qa1 Qf4+
44.Kh1 Nf6 45.Ra7+ Kg6 46.Qe1 Nh5 47.Rc7 Bxh3 48.gxh3 Qxf3+ 49.Kh2 Qf4+ 50.Kg2 Qg5+
51.Kh1 Qf4 52.Rd7 Qf3+ 53.Kh2 Qf4+ 54.Kg2 Qg5+ 55.Kh1 Kh7 56.Rd3 Nf4 57.Rg3 Qf6
58.c4 Qe6 59.Qg1 g5 60.Qa7+ Kg6 61.c5 Qc4 62.Qb6+ Kh5 63.Qb3 Qf1+ 64.Rg1 Qf2
65.Qf7+ Kh4 66.Qb3 Nxh3 67.Rg2 Qf1+ 68.Kh2 Nf4 69.Qg3+ Kh5 70.Qg4+ Kg6 71.Qf5+ Kh5
72.Qg4+ Kg6 73.c6 Nxg2 74.Qf5+  1-0

[Event "7th LGA Premium Cup"]
[Site "Nuremberg GER"]
[Date "2010.09.03"]
[Round "2"]
[White "Sha,S"]
[Black "Schupp,U"]
[Result "1/2-1/2"]
[WhiteElo "1918"]
[BlackElo "2133"]

1.e4 d6 2.d4 Nf6 3.Nc3 e5 4.Nf3 exd4 5.Nxd4 Be7 6.Bd3 O-O 7.O-O Nc6 8.Nxc6 bxc6
9.f4 Re8 10.Kh1 Bf8 11.b3 Rb8 12.h3 g6 13.Qf3 Nd7 14.Qf2 Bg7 15.Bb2 c5 16.Rad1 Bb7
17.e5 d5 18.Be2 d4 19.Nb1 Qe7 20.c3 dxc3 21.Nxc3 Nb6 22.Ba3 Red8 23.Bxc5 Qe6
24.Bg4 Qe8 25.Be2 Qe6 26.Qh4 Rxd1 27.Rxd1  1/2-1/2

[Event "7th LGA Premium Cup"]
[Site "Nuremberg GER"]
[Date "2010.09.03"]
[Round "3"]
[White "Klundt,K"]
[Black "Kunin,V"]
[Result "0-1"]
[WhiteElo "2355"]
[BlackElo "2538"]

1.e4 d6 2.d4 Nf6 3.Nc3 Nbd7 4.Nf3 e5 5.Bc4 Be7 6.O-O O-O 7.Re1 c6 8.a4 Qc7
9.h3 h6 10.b3 Re8 11.Bb2 Nf8 12.Qd2 Ng6 13.Rad1 a6 14.Bf1 b5 15.d5 b4 16.Na2 cxd5
17.exd5 a5 18.c3 bxc3 19.Nxc3 Qb8 20.Bc4 Bd8 21.Ba3 Bb6 22.Rb1 Bf5 23.Rb2 Nf4
24.Nb5 Ne4 25.Rxe4 Bxe4 26.Bxd6 Qd8 27.Bxe5 Nxg2 28.Kxg2 Rxe5  0-1

[Event "ch-RUS Higher League w"]
[Site "St Petersburg RUS"]
[Date "2010.09.03"]
[Round "9"]
[White "Tomilova,E"]
[Black "Ivakhinova,I"]
[Result "0-1"]
[WhiteElo "2311"]
[BlackElo "2279"]

1.e4 d6 2.d4 Nf6 3.Nc3 e5 4.Nf3 Nbd7 5.Bc4 Be7 6.O-O O-O 7.h3 a6 8.a4 b6
9.Re1 Bb7 10.Ba2 b5 11.a5 h6 12.Nd5 Re8 13.c3 Bf8 14.dxe5 dxe5 15.Qc2 Nxd5
16.exd5 Qf6 17.Nh2 Qd6 18.Rd1 Nf6 19.b3 Nxd5 20.Bb1 g6 21.Ba3 Qc6 22.Bxf8 Kxf8
23.Nf3 Nxc3 24.Re1 b4 25.Qd2 Kg7 26.h4 Rad8 27.Qe3 h5 28.Bc2 Nd5 29.Qe4 f5
30.Qc4 e4 31.Ng5 Qxc4 32.bxc4 Nc3 33.c5 Bd5 34.Rac1 Rb8 35.Bd1 c6 36.Be2 Rb5  0-1

[Event "7th Malaysia Open"]
[Site "Kuala Lumpur MAS"]
[Date "2010.09.04"]
[Round "5"]
[White "Murshed,N"]
[Black "Sutarno"]
[Result "1-0"]
[WhiteElo "2411"]
[BlackElo "2231"]

1.e4 d6 2.d4 Nf6 3.Nc3 e5 4.dxe5 dxe5 5.Qxd8+ Kxd8 6.Bg5 c6 7.O-O-O+ Kc7
8.Bc4 Be6 9.Bxe6 fxe6 10.f3 Nbd7 11.Nge2 h6 12.Bd2 b5 13.Kb1 Nb6 14.Nc1 Nc4
15.Nd3 Nxd2+ 16.Rxd2 Rd8 17.Rhd1 Bd6 18.Ne2 g5 19.Rf1 Bc5 20.Rh1 Rd6 21.Nec1 Bb6
22.Re2 Nd7 23.h4 Rg8 24.hxg5 hxg5 25.Ree1 Kc8 26.c3 g4 27.Ref1  1-0

[Event "7th LGA Premium Cup"]
[Site "Nuremberg GER"]
[Date "2010.09.04"]
[Round "4"]
[White "Eppinger,G"]
[Black "Eisenbeiser,A"]
[Result "0-1"]
[WhiteElo "2212"]
[BlackElo "2397"]

1.e4 d6 2.d4 Nf6 3.Nc3 e5 4.Nf3 Nbd7 5.Bc4 Be7 6.dxe5 Nxe5 7.Nxe5 dxe5 8.Qxd8+ Bxd8
9.f3 c6 10.a4 Ba5 11.Bd2 Nd7 12.Nd1 Bxd2+ 13.Kxd2 a5 14.Ne3 Nc5 15.c3 Ke7
16.Kc2 Rd8 17.b3 f6 18.Rhd1 Rxd1 19.Nxd1 f5 20.exf5 Bxf5+ 21.Kb2 Rd8 22.Ne3 Bg6
23.Rd1 Rxd1 24.Nxd1 e4 25.f4 Bf7 26.Ne3 b5 27.Bxf7 Kxf7 28.Ka3 bxa4 29.b4 axb4+
30.cxb4 Ne6 31.g3 Nd4 32.Kxa4 Ke6 33.Ka5 Nf5 34.Nc2 h5 35.b5 cxb5 36.Kxb5 Kd5
37.Kb4 e3 38.Kc3 Ke4 39.Ne1 Nd4  0-1

[Event "TCh-CRO Gp1B"]
[Site "Sibenik CRO"]
[Date "2010.09.04"]
[Round "1"]
[White "Mestrovic,Z"]
[Black "Biti,O"]
[Result "1/2-1/2"]
[WhiteElo "2379"]
[BlackElo "2370"]

1.e4 d6 2.d4 Nf6 3.Nc3 e5 4.dxe5 dxe5 5.Qxd8+ Kxd8 6.f4 Bb4 7.Bd3 exf4 8.Bxf4 Be6
9.Nf3 Nbd7 10.O-O-O h6 11.Nd4 Bd6 12.Bxd6 cxd6 13.Ndb5 Ke7 14.Be2 Ne8 15.Nd5+ Bxd5
16.Rxd5 Ndf6 17.Rd4 a6 18.Nxd6 Nxd6 19.e5 Rhd8 20.exf6+ Kxf6 21.Bf3 Rab8
22.Re1 g5 23.h4 b6 24.hxg5+ hxg5 25.Red1 Nb7 26.Bd5 Rd7 27.c4 Nc5 28.R4d2 a5
29.Kc2 Re7 30.b3 Kg7 31.Rf1 f6 32.a3 Re3 33.Rf3 Rbe8 34.b4 axb4 35.axb4 Na6
36.Rxe3 Rxe3  1/2-1/2

[Event "9th Georgiev-Kesarovski Mem"]
[Site "Sunny Beach BUL"]
[Date "2010.09.04"]
[Round "8"]
[White "Danov,Lyubomir"]
[Black "Kaderabek,J"]
[Result "1-0"]
[WhiteElo "1941"]
[BlackElo "2192"]

1.e4 d6 2.d4 Nf6 3.Nc3 c6 4.f4 Qa5 5.Bd3 e5 6.Nf3 Bg4 7.dxe5 dxe5 8.h3 Bxf3
9.Qxf3 Nbd7 10.f5 Qb6 11.Bd2 Nc5 12.O-O-O Rd8 13.Be3 Rd4 14.Bxd4 exd4 15.Nb1 Na4
16.b3 Nc3 17.Nxc3 dxc3 18.Rde1 Ba3+ 19.Kd1 O-O 20.g4 Nd7 21.e5 Nc5 22.Re3 a5
23.Qe2 Qc7 24.e6 fxe6 25.fxe6 Qe7 26.Rf1 Rxf1+ 27.Qxf1 b5 28.Qf5 g6 29.Qe5 Bb4
30.Rf3 Nxe6 31.h4 Bd6 32.Qe4 Qd7 33.Re3 Nc5 34.Qe8+ Qxe8 35.Rxe8+ Kf7 36.Ra8 Nxd3
37.cxd3 Bb4 38.Rc8 c5 39.Rc7+ Kg8 40.Rb7 a4 41.Rxb5 axb3 42.axb3 h6 43.h5  1-0

[Event "9th Georgiev-Kesarovski Mem"]
[Site "Sunny Beach BUL"]
[Date "2010.09.04"]
[Round "8"]
[White "Ivanov,Bog"]
[Black "Horacek,M"]
[Result "1/2-1/2"]
[WhiteElo "2188"]
[BlackElo "1996"]

1.e4 d6 2.d4 Nf6 3.Nc3 e5 4.Nf3 Nbd7 5.Bc4 Be7 6.O-O O-O 7.a4 c6 8.Ba2 a5
9.Re1 exd4 10.Nxd4 Nc5 11.h3 Qb6 12.Nb3 Nfd7 13.Bf4 Nxb3 14.Bxb3 Nc5 15.Be3 Be6
16.Bxe6 fxe6 17.Rb1 Rae8 18.Na2 d5 19.b3 Qc7 20.e5 Ne4 21.f3 Ng3 22.Bf2 Nf5
23.g3 c5 24.Nc3 Qc6 25.Ne2 d4 26.Nf4 Nh4 27.Re4 Bg5 28.gxh4 Bxf4 29.Qe2 Rf5
30.Kg2 Ref8 31.Rf1 Qe8 32.Bg3  1/2-1/2

[Event "FSIMA September"]
[Site "Budapest HUN"]
[Date "2010.09.05"]
[Round "2"]
[White "Getz,N"]
[Black "Sagar,S"]
[Result "1/2-1/2"]
[WhiteElo "2276"]
[BlackElo "2304"]

1.e4 d6 2.d4 Nf6 3.Nc3 e5 4.Nf3 Nbd7 5.Bc4 Be7 6.O-O O-O 7.Re1 a6 8.a4 b6
9.b3 Bb7 10.Bb2 c6 11.d5 Qc7 12.dxc6 Bxc6 13.Re2 Qb7 14.Nd5 Bxd5 15.Bxd5 Nxd5
16.exd5 Nf6 17.c4 Rfc8 18.Rc1 Bf8 19.Ne1 Nd7 20.Nd3 b5 21.Ba3 bxc4 22.bxc4 a5
23.Rb2 Qa7 24.Rb5 e4 25.Nb2 Ne5 26.Qd2 g6 27.h3 f5 28.c5 dxc5 29.d6 Nf7 30.Bxc5 Qd7
31.Nc4 Bh6 32.Qd5 Qc6 33.Rd1 Qxd5 34.Rxd5 Rcb8 35.Bb6 Rc8 36.Rbc5 Rab8 37.Bc7 Rb1+
38.Kh2 Bf4+ 39.g3 Ng5 40.h4 Nf3+ 41.Kh3  1/2-1/2

[Event "ch-ESP"]
[Site "El Sauzal ESP"]
[Date "2010.09.05"]
[Round "2"]
[White "Alsina Leal,D"]
[Black "Fernandez Garcia,JoseM"]
[Result "1-0"]
[WhiteElo "2523"]
[BlackElo "2235"]

1.e4 d6 2.d4 Nf6 3.Nc3 e5 4.Nf3 Nbd7 5.Bc4 Be7 6.O-O O-O 7.Re1 c6 8.a4 b6
9.Ba2 a6 10.Qd3 Rb8 11.Ne2 b5 12.axb5 axb5 13.b4 Qc7 14.Ng3 Nb6 15.dxe5 dxe5
16.Bb2 Nc4 17.Bc3 Rd8 18.Qe2 Bg4 19.Bxc4 Bxf3 20.Bxf7+ Kxf7 21.Qxf3 g6 22.Nf1 c5
23.Ne3 cxb4 24.Bb2 Kg8 25.Ra6 Rf8 26.Qg3 Qb7 27.Re6 Nxe4 28.Qxe5 Bf6 29.Rxf6 Nxf6
30.Ng4 Qg7 31.Nxf6+ Qxf6 32.Qxf6 Rxf6 33.Bxf6 Rc8 34.g3 Rxc2 35.Rb1 Kf7 36.Bg5  1-0

[Event "7th LGA Premium Cup"]
[Site "Nuremberg GER"]
[Date "2010.09.05"]
[Round "6"]
[White "Promyshlyanskiy,V"]
[Black "Krauss,Jo"]
[Result "1/2-1/2"]
[WhiteElo "2237"]
[BlackElo "2105"]

1.e4 d6 2.d4 Nf6 3.Nc3 Nbd7 4.Bc4 e5 5.Nge2 c6 6.a4 Be7 7.Bb3 O-O 8.O-O exd4
9.Qxd4 Nc5 10.Ba2 a5 11.Bf4 Be6 12.Ng3 Bxa2 13.Nxa2 Ne6 14.Qd2 Nxf4 15.Qxf4 g6
16.Qe3 Nd7 17.b3 Qb6 18.Qd2 Rad8 19.Rfe1 Qc5 20.Kh1 Rfe8 21.Rad1 Ne5 22.h3 Bh4
23.Kh2 Bxg3+ 24.Kxg3 f6 25.Nc3 Nf7 26.f4 Kg7 27.Kh2 Qb4 28.Re3 d5 29.Qd4  1/2-1/2

[Event "7th LGA Premium Cup"]
[Site "Nuremberg GER"]
[Date "2010.09.05"]
[Round "6"]
[White "Eppinger,G"]
[Black "Klundt,K"]
[Result "1/2-1/2"]
[WhiteElo "2212"]
[BlackElo "2355"]

1.e4 d6 2.d4 Nf6 3.Nc3 Nbd7 4.f4 e5 5.Nf3 exd4 6.Qxd4 c6 7.Bd2 Qb6 8.O-O-O Be7
9.h3 O-O 10.g4 Re8 11.Bg2 Bf8 12.Rhe1 Qxd4 13.Nxd4  1/2-1/2

[Event "7th LGA Premium Cup"]
[Site "Nuremberg GER"]
[Date "2010.09.05"]
[Round "6"]
[White "Ginsburg,G"]
[Black "Kunin,V"]
[Result "1/2-1/2"]
[WhiteElo "2526"]
[BlackElo "2538"]

1.e4 d6 2.d4 Nf6 3.Nc3 e5 4.Nf3 Nbd7 5.Bc4 Be7 6.O-O O-O 7.Re1 c6 8.a4 Qc7
9.h3 h6 10.Bf1 Re8 11.g3 Nf8 12.Bg2 Ng6 13.b3 Bd7 14.Bb2 Nh7 15.Qd3 Rad8
16.Rad1 Ng5 17.Kh2 Bf6 18.dxe5 Nxe5 19.Nxe5 dxe5 20.Qe3 Ne6 21.Ne2 Be7 22.h4 Bc5
23.Qf3 f6 24.Bh3 a5 25.Bf5 Nf8 26.g4 Be6 27.Bc1 Qf7 28.Ng3 Be7 29.Be3 b5
30.Rg1 Rxd1 31.Qxd1 bxa4 32.bxa4 Bc4 33.Qd2 Ne6 34.Bxe6 Bxe6 35.Nf5 Bxf5
36.gxf5 Bb4 37.Qe2 Kh8 38.Rg6 Bf8 39.Qa6 Rb8 40.c3 Qb7 41.Qc4 c5 42.Rg1 Qb3
43.Qxb3 Rxb3 44.Rd1 Rxc3 45.Rd8 Kg8 46.Ra8 Rc4 47.Kg3 Kf7 48.Rxa5 Rxe4 49.Ra7+ Ke8
50.h5 Be7 51.a5 Ra4 52.a6 e4 53.Ra8+ Kf7 54.a7 Ra3 55.Kg2 Ra1 56.f3 Ra2+
57.Kg3 Bd6+ 58.Bf4 Bxf4+ 59.Kxf4 exf3 60.Kxf3 c4 61.Ke4 c3 62.Kd3 c2 63.Kd2 Ra1
64.Kxc2 Ra6 65.Kb3 Ra5 66.Kb4 Ra1 67.Kb5 Ra2 68.Kb6 Rb2+ 69.Kc6 Rc2+ 70.Kb6 Rb2+
71.Kc6 Rc2+ 72.Kb6 Rb2+  1/2-1/2

[Event "7th LGA Premium Cup"]
[Site "Nuremberg GER"]
[Date "2010.09.05"]
[Round "6"]
[White "Nuber,K"]
[Black "Hirschinger,T"]
[Result "1/2-1/2"]
[WhiteElo "2211"]
[BlackElo "2098"]

1.e4 d6 2.d4 Nf6 3.Nc3 Nbd7 4.f4 e5 5.Nf3 c6 6.dxe5 dxe5 7.fxe5 Ng4 8.e6 fxe6
9.Ng5 Nde5 10.Qxd8+ Kxd8 11.h3 Nh6 12.Bf4 Nhf7 13.Bc4 Ke7 14.Bb3 g6 15.Ne2 h6
16.Nxf7 Nxf7 17.Bd2 b6 18.O-O Bg7 19.c3 Bd7 20.Be3 Ne5 21.Nf4 Raf8 22.Bd4 Rhg8
23.Rad1 Bc8 24.Bxe5 Bxe5 25.Nxg6+ Rxg6 26.Rxf8 Kxf8 27.Rd8+ Ke7 28.Rxc8 Kd6
29.Ba4 b5 30.Bd1 a5 31.a4 b4 32.cxb4 Bxb2 33.bxa5 Rg5 34.Ra8 Bc3 35.a6 Ra5
36.Kf2 Ke5 37.Kf3 c5 38.a7 Bd4 39.Bb3 c4 40.Bxc4 Bxa7 41.Re8 Rxa4 42.Rxe6+ Kd4
43.Bd5 Ra3+ 44.Ke2 Re3+ 45.Kf1 Bb8 46.g3 Rf3+ 47.Ke2 Re3+ 48.Kf1  1/2-1/2

[Event "TCh-CRO Gp1B"]
[Site "Sibenik CRO"]
[Date "2010.09.06"]
[Round "3"]
[White "Srbis,J"]
[Black "Tomerlin,S"]
[Result "1-0"]
[WhiteElo "2277"]
[BlackElo "2300"]

1.e4 d6 2.d4 Nf6 3.Nc3 c6 4.Be3 e5 5.dxe5 dxe5 6.Qxd8+ Kxd8 7.Nf3 Ng4 8.Ng5 Nxe3
9.fxe3 Be6 10.Nxe6+ fxe6 11.O-O-O+ Nd7 12.Bc4 Ke7 13.Rd2 Nb6 14.Bb3 g6 15.Rhd1 Bh6
16.Rd6 Nd5 17.exd5 Bxe3+ 18.Kb1 Kxd6 19.dxe6+ Kc5 20.e7 Bd4 21.Ne4+ Kb6 22.Bf7 Bc5
23.Rd7 Rhe8 24.Bxe8 Rxe8 25.Nxc5 Kxc5 26.Rxb7 Kd4 27.Kc1 Ke3 28.Rxa7 e4 29.Rc7 Ke2
30.Rxc6 Rxe7 31.Rf6 e3 32.b4 Ke1 33.b5 e2 34.b6 Rd7 35.a4 Rd1+ 36.Kb2 Rd4
37.Re6 Rxa4 38.Kb3 Ra8 39.c4 Kf2 40.c5 Ra1 41.Kb4 e1=Q+ 42.Rxe1 Rxe1 43.c6 Kxg2
44.c7 Rc1 45.Kb5 h5 46.b7 Rxc7 47.b8=Q Rc3 48.Qh8 Rf3 49.Qa8 g5 50.Qd5 h4
51.Qxg5+ Kh3 52.Kc4 Rf2 53.Qh5 Rf4+ 54.Kd3 Ra4 55.Qf5+ Kxh2 56.Qe5+ Kg2 57.Qd5+ Kg3
58.Ke2 h3 59.Qd6+ Kh4 60.Kf3 Kg5 61.Qd5+ Kh4 62.Qd8+  1-0

[Event "11th WUCC Women"]
[Site "Zuerich SUI"]
[Date "2010.09.06"]
[Round "3"]
[White "Lindiawati,E"]
[Black "Kharashuta,E"]
[Result "1/2-1/2"]
[WhiteElo "2133"]
[BlackElo "2298"]

1.e4 d6 2.d4 Nf6 3.Nc3 e5 4.dxe5 dxe5 5.Qxd8+ Kxd8 6.Bg5 Be6 7.O-O-O+ Kc8
8.f3 Nbd7 9.Bb5 c6 10.Ba4 h6 11.Be3 Nc5 12.Bxc5 Bxc5 13.Bb3 Bxb3 14.axb3 Kc7
15.Nge2 b5 16.Ng3 a5 17.Rd3 a4 18.bxa4 b4 19.Nce2 Rxa4 20.Rhd1 g6 21.Nf1 Rha8
22.Kd2 Ra2 23.Rb1 Nd7 24.Ke1 Bb6 25.Rdd1 b3 26.cxb3 Nc5 27.Nc3 Ba5 28.Nd2 Nd3+
29.Ke2 Nf4+ 30.Kf1 Bxc3 31.bxc3 Nxg2 32.Nc4 f6 33.Kg1 Nf4 34.Kh1 Rf2 35.Rd2 Ra2
36.Rxa2 Rxa2 37.Ne3 h5 38.h4 Re2 39.Nc4 Rf2 40.Ra1 Rxf3 41.Ra7+ Kb8 42.Rf7 Ne6
43.Kg2 Rf4 44.Nd6 Nc5 45.b4 Nxe4 46.Nxe4 Rxe4 47.Rxf6 Rg4+ 48.Kf2 Kc7 49.Re6 e4
50.Ke3 Rxh4 51.Rxg6 Rh3+ 52.Kd4 h4 53.c4 Rg3 54.Rh6 Rg4 55.b5 cxb5 56.cxb5 Kb7
57.Ke3 Ka7 58.Kd4 Rf4 59.Ke3 Rf3+ 60.Kxe4 Rb3 61.Kf4 Rxb5 62.Rxh4  1/2-1/2

[Event "11th WUCC Men"]
[Site "Zuerich SUI"]
[Date "2010.09.06"]
[Round "3"]
[White "Swinkels,R"]
[Black "Popovic,Du"]
[Result "1/2-1/2"]
[WhiteElo "2478"]
[BlackElo "2565"]

1.d4 d6 2.e4 Nf6 3.Nc3 e5 4.Nf3 exd4 5.Nxd4 Be7 6.g3 Nc6 7.Bg2 O-O 8.h3 Nxd4
9.Qxd4 c6 10.O-O Be6 11.Be3 Qc7 12.f4 Rfd8 13.f5 Bc8 14.Ne2 Nd7 15.c4 Bf6
16.Qd2 Be5 17.Rac1 b6 18.g4 Ba6 19.Rf2 b5 20.cxb5 Bxb5 21.Nd4 Qb7 22.Nxb5 cxb5  1/2-1/2

[Event "11th WUCC Men"]
[Site "Zuerich SUI"]
[Date "2010.09.06"]
[Round "3"]
[White "Bueno,Alfe"]
[Black "Ponkratov,P"]
[Result "0-1"]
[WhiteElo "2292"]
[BlackElo "2592"]

1.e4 d6 2.d4 Nf6 3.Nc3 e5 4.Nf3 Nbd7 5.Be3 Be7 6.h3 c6 7.a4 Qc7 8.Be2 exd4
9.Qxd4 Nc5 10.O-O O-O 11.Nd2 Rd8 12.f4 d5 13.e5 Ne6 14.Qd3 Nd7 15.Nb3 d4
16.Bxd4 Ndc5  0-1

[Event "TCh-ROU Superliga"]
[Site "Baile Herculane ROU"]
[Date "2010.09.07"]
[Round "4"]
[White "Dragomirescu,R"]
[Black "Georgescu,T"]
[Result "1/2-1/2"]
[WhiteElo "2423"]
[BlackElo "2414"]

1.e4 d6 2.d4 Nf6 3.Nc3 e5 4.dxe5 dxe5 5.Qxd8+ Kxd8 6.Bg5 c6 7.O-O-O+ Ke8
8.f4 Nbd7 9.Be2 Bb4 10.fxe5 Nxe5  1/2-1/2

[Event "ch-ESP"]
[Site "El Sauzal ESP"]
[Date "2010.09.07"]
[Round "4"]
[White "Espinosa Aranda,A"]
[Black "Moreno Ruiz,J"]
[Result "1/2-1/2"]
[WhiteElo "2403"]
[BlackElo "2491"]

1.e4 d6 2.d4 Nf6 3.Nc3 e5 4.Nf3 Nbd7 5.Bc4 Be7 6.O-O O-O 7.Re1 c6 8.a4 a5
9.h3 exd4 10.Qxd4 Nb6 11.Ba2 d5 12.exd5 Nfxd5 13.Nxd5 Nxd5 14.Bxd5 cxd5 15.Bf4 Bf5
16.c3 Re8 17.Be5 Bf8 18.Qf4 Be4 19.Bd4 Qd7 20.Qg4 Bf5 21.Qg3 Re4 22.Ne5 Qc7
23.Qg5 Be6 24.Ng4 Bxg4 25.Rxe4 dxe4 26.Qxg4 Re8 27.Qf5 b6 28.Re1 Qc6 29.Qb5 Qxb5
30.axb5 Re6 31.f3 f5 32.fxe4 fxe4 33.Kf2 g6 34.Ke2 Kf7 35.Rd1  1/2-1/2

[Event "ch-ESP"]
[Site "El Sauzal ESP"]
[Date "2010.09.07"]
[Round "4"]
[White "Gonzalez Cruz,Steven"]
[Black "Morales Camacho,J"]
[Result "0-1"]
[WhiteElo "1831"]
[BlackElo "2213"]

1.e4 d6 2.d4 Nf6 3.Nc3 e5 4.dxe5 dxe5 5.Qxd8+ Kxd8 6.Bg5 c6 7.O-O-O+ Ke8
8.Bd3 Be6 9.f3 Nbd7 10.Nge2 b6 11.Be3 Bc5 12.Bxc5 Nxc5 13.b3 b5 14.b4 Ncd7
15.Ng3 g6 16.a3 Ke7 17.Nf1 a6 18.Ne3 Rhc8 19.g4 Nb6 20.h4 h5 21.g5 Ne8 22.Rhf1 Nd6
23.f4 exf4 24.Rxf4 Nd7 25.Re1 Kf8 26.Ne2 c5 27.bxc5 Rxc5 28.Nd4 Re8 29.Rd1 Ne5
30.Kd2 Nec4+ 31.Nxc4 bxc4 32.Be2 Ra5 33.Ra1 Bg4 34.Bxg4 hxg4 35.Rxg4 Nxe4+
36.Kc1 Rd5 37.Nf3 Rf5 38.Nd2 c3  0-1

[Event "12th Open"]
[Site "Trieste ITA"]
[Date "2010.09.07"]
[Round "5"]
[White "Suc,T"]
[Black "Ivanovic,A"]
[Result "1-0"]
[WhiteElo "2014"]
[BlackElo "1898"]

1.e4 d6 2.d4 Nf6 3.Nc3 e5 4.Nge2 Be7 5.f3 O-O 6.Be3 c6 7.Qd2 Nbd7 8.g4 a6
9.h4 b5 10.h5 Nb6 11.Ng3 b4 12.Nd1 exd4 13.Qxd4 c5 14.Qd2 d5 15.g5 Nfd7 16.Bf4 Bb7
17.Nf2 dxe4 18.fxe4 c4 19.Nf5 Bc5 20.Bg2 c3 21.bxc3 Nc4 22.Qe2 Qb6 23.Nd3 bxc3
24.Rd1 Rad8 25.Qg4 Qe6 26.g6 fxg6 27.Nh6+  1-0

[Event "11th WUCC Women"]
[Site "Zuerich SUI"]
[Date "2010.09.08"]
[Round "5"]
[White "Fuchs,Ju"]
[Black "Kharashuta,E"]
[Result "1-0"]
[WhiteElo "2237"]
[BlackElo "2298"]

1.e4 d6 2.d4 Nf6 3.Nc3 e5 4.Nf3 Nbd7 5.Bc4 Be7 6.O-O O-O 7.Re1 c6 8.a4 b6
9.b3 Bb7 10.Bb2 a6 11.Bd3 g6 12.Ne2 exd4 13.Bxd4 c5 14.Bxf6 Bxf6 15.Ra2 d5
16.exd5 Bxd5 17.Nf4 Bxf3 18.Qxf3 Re8 19.Rd1 Ne5 20.Qg3 Bh4 21.Qh3 Bxf2+ 22.Kh1 Qg5
23.Nd5 Ng4 24.Qxg4 Qxd5 25.Raa1 Qd4 26.Qf3 Qe3 27.Qb7 Rab8 28.Qc7 Rbd8 29.Rf1 Rd4
30.Bc4 Re7 31.Qxb6 Rh4 32.Rxf2 Qe5 33.Bxf7+ Kg7 34.g3 Qxa1+ 35.Kg2 Rh5 36.Bc4 Qd4
37.h4 Rf5 38.Rxf5 gxf5 39.Qb8 Qe4+ 40.Kg1 Kh6 41.Qd6+ Kh5 42.Qd1+ Qg4 43.Qd6 Rg7
44.Kf2 Qd4+ 45.Qxd4 cxd4 46.Be2+ Kg6 47.Bxa6 Kf6 48.Kf3 Re7 49.Bd3 Re1 50.a5 Ra1
51.a6 Rb1 52.Kf4 h5 53.Bb5 Ra1 54.Bc4 Ra2 55.Bd3 Ra1 56.b4 Ke6 57.b5 Kd6
58.b6 Kc6 59.b7 Kc7 60.Kxf5 Kb8 61.g4 Ra5+ 62.Kf4  1-0

[Event "FSIMA September"]
[Site "Budapest HUN"]
[Date "2010.09.09"]
[Round "6"]
[White "Szieberth,A"]
[Black "Sagar,S"]
[Result "1-0"]
[WhiteElo "2320"]
[BlackElo "2304"]

1.e4 d6 2.d4 Nf6 3.Nc3 c6 4.f4 Qa5 5.Bd3 e5 6.Nf3 Bg4 7.fxe5 dxe5 8.dxe5 Nfd7
9.e6 Bxe6 10.Ng5 Bc5 11.Nxe6 fxe6 12.Qh5+ Kd8 13.Qg5+ Kc7 14.Bd2 Kc8 15.Bc4 g6
16.Bxe6 Re8 17.Qg4 Bd4 18.O-O-O Qe5 19.Bb3 Na6 20.Rhf1 Nc5 21.Bf4 Qg7 22.Bd6 Bxc3
23.Bxc5 Bxb2+ 24.Kb1 Ba1 25.Qxd7+ Qxd7 26.Rxd7 Kxd7 27.Rf7+ Kc8 28.Kxa1 b6
29.Bd6 Rxe4 30.Rxh7 a5 31.a4 Ra6 32.Bg3 b5 33.c3 bxa4 34.Bc2 Re6 35.Rg7 Rb6
36.Rxg6 Re2 37.Bf5+ Kd8 38.Bd6 c5 39.Rg8+ Re8 40.Bc7+ Kxc7 41.Rxe8  1-0

[Event "12th Open"]
[Site "Trieste ITA"]
[Date "2010.09.09"]
[Round "7"]
[White "Castelfranchi,C"]
[Black "Ivanovic,A"]
[Result "0-1"]
[WhiteElo "2121"]
[BlackElo "1898"]

1.e4 d6 2.d4 Nf6 3.Nc3 e5 4.Nf3 Nbd7 5.Bc4 Be7 6.dxe5 dxe5 7.Ng5 O-O 8.Be3 Nb6
9.Qxd8 Bxd8 10.Bb3 h6 11.Nf3 Re8 12.O-O-O Ng4 13.Bxb6 axb6 14.Rhf1 Be6 15.Bxe6 Rxe6
16.Rfe1 Kf8 17.Re2 Nf6 18.Red2 Ke7 19.Nh4 g6 20.f3 c6 21.g3 Bc7 22.Kb1 Rd6
23.Rxd6 Bxd6 24.Ng2 b5 25.g4 h5 26.g5 Nh7 27.h4 Nf8 28.Ne2 Ne6 29.c3 Bc7
30.a3 Rf8 31.Rh1 f6 32.gxf6+ Rxf6 33.Rh3 Bb6 34.Ne1 Be3 35.Kc2 Nc5 36.Rh2 Bh6
37.b4 Na4 38.Rh3 Nb6 39.Nd3 Nc4 40.f4 Bxf4 41.Nexf4 exf4 42.e5 Rf5 43.Rf3 Ne3+
44.Kd2 Ng2 45.Ke2 Nxh4 46.Rxf4 Rxf4 47.Nxf4 g5 48.Nxh5 Ke6 49.Nf6 Kxe5 50.Nd7+ Kf4
51.Nc5 Kg3 52.Ne4+ Kg4 53.Kf2 Nf5 54.Nc5 Nd6 55.a4 b6 56.axb5 bxc5 57.bxc6 c4
58.c7 Kf4 59.b5 Nc8  0-1

[Event "5th XtraCon Open"]
[Site "Borup DEN"]
[Date "2010.09.10"]
[Round "6"]
[White "Thomsen,P"]
[Black "Preuss,F"]
[Result "1-0"]
[WhiteElo "1930"]
[BlackElo "2034"]

1.e4 d6 2.d4 Nf6 3.Nc3 e5 4.Nf3 Nbd7 5.Bc4 Be7 6.O-O c6 7.a3 O-O 8.Re1 b5
9.Ba2 a6 10.Qd3 Qc7 11.Ne2 c5 12.c3 c4 13.Qc2 Nb6 14.h3 Bd7 15.Be3 Rab8 16.Ng3 Rfe8
17.Rad1 h6 18.Bb1 Bf8 19.Nh4 Bc6 20.d5 Bd7 21.Qe2 Na4 22.Rd2 Nc5 23.Qf3 Nh7
24.Nhf5 Bxf5 25.exf5 f6 26.Qg4 Kh8 27.h4 Nb3 28.Rdd1 Rec8 29.Bc2 Nc5 30.Qg6 Qe7
31.f4 Rb7 32.fxe5 fxe5 33.Qxh7+ Kxh7 34.f6+ g6 35.fxe7 Bxe7 36.h5 Nd3 37.hxg6+ Kxg6
38.Bxd3+ cxd3 39.Rxd3 Bh4 40.Bf2 Rf8 41.Ne4 Bxf2+ 42.Nxf2  1-0

[Event "TCh-CRO Gp1A"]
[Site "Sibenik CRO"]
[Date "2010.09.10"]
[Round "7"]
[White "Loncar,R"]
[Black "Muse,D"]
[Result "1/2-1/2"]
[WhiteElo "2419"]
[BlackElo "2370"]

1.d4 d6 2.e4 Nf6 3.Nc3 e5 4.Nge2 Be7 5.h3 O-O 6.Be3 exd4 7.Bxd4 b5 8.Ng3 b4
9.Nd5 Nxd5 10.exd5 c5 11.dxc6 Nxc6 12.Be2 Nxd4 13.Qxd4 Bf6 14.Qxb4 Qb6 15.Qxb6 axb6
16.c3 d5 17.O-O d4 18.Ne4 dxc3 19.Nxf6+ gxf6 20.bxc3 Ra3 21.c4 Bf5 22.Rfd1 Rfa8
23.Rd2 R8a4 24.Bf1 Rb4 25.Rc1 Bb1 26.Re1 Bxa2 27.Ra1 Rba4 28.Rd6 Rb4 29.Rxf6 Rb2
30.Rf5 Rc3 31.Rb5 Rd2 32.Rxb6 Kg7 33.Rb5 Bxc4 34.Rg5+ Kf6 35.Rc5 Rdc2 36.Bxc4 Rxc4
37.Ra6+ Kg7 38.Rg5+ Kh8 39.Rf6 Rc7 40.f4 R2c6 41.Rxc6 Rxc6 42.Kh2 h6 43.Rg4 Kh7
44.f5 Rc5 45.Rf4 h5 46.Kg3 Rc2 47.Rb4 Kh6 48.Kh4 Rc6 49.Rb7 Rc4+ 50.g4 hxg4
51.hxg4 f6 52.Rb6 Kg7 53.Kh5 Rc7 54.Ra6 Rb7 55.g5 fxg5 56.Kxg5 Rc7 57.Rg6+ Kf8
58.Rf6+ Kg7 59.Ra6 Rb7 60.Ra1 Rc7 61.Rh1 Rc2 62.Rg1 Kf7  1/2-1/2

[Event "11th WUCC Men"]
[Site "Zuerich SUI"]
[Date "2010.09.10"]
[Round "7"]
[White "Pitra,Andika"]
[Black "Nadj Hedjesi,B"]
[Result "1-0"]
[WhiteElo "2283"]
[BlackElo "2407"]

1.e4 d6 2.d4 Nf6 3.Nc3 e5 4.Nf3 exd4 5.Nxd4 Be7 6.Bf4 O-O 7.Qd2 Nc6 8.O-O-O Nxd4
9.Qxd4 Be6 10.f3 Nd7 11.g4 Bg5 12.Qd2 Bxf4 13.Qxf4 a6 14.h4 b5 15.Kb1 b4
16.Nd5 a5 17.g5 f5 18.Bh3 Bxd5 19.Rxd5 fxe4 20.Qxe4 Nc5 21.Qg4 Qe7 22.Qc4 Kh8
23.Bg4 Rae8 24.Qb5 Qe2 25.Qxe2 Rxe2 26.Rd4 Rfe8 27.b3 g6 28.h5 Kg7 29.Rhd1 R2e5
30.f4 Re4 31.a3 Rxd4 32.Rxd4 Re4 33.Rxe4 Nxe4 34.axb4 axb4 35.h6+ Kf7 36.Kc1 d5
37.Bc8 Nd6 38.Bd7 Ke7 39.Bc6 Ke6 40.Kd2 Nc8 41.f5+ Kxf5 42.Bd7+ Kxg5 43.Bxc8 Kxh6
44.Bb7 d4 45.Kd3 Kg5 46.Kxd4 h5 47.Ke3 Kg4 48.Kf2 Kf4 49.Kg2 g5 50.Kh3 c5
51.Bd5 Ke3 52.Bf7 c4 53.Bxh5 Kd4 54.bxc4 Kxc4 55.Bg6 Kc3  1-0